Capitali dei Territori d'oltremare britannici - Statistics

Statistiche generali
  • Questo quiz è stato fatto 18 volte
  • Il punteggio medio è 4 su 10
Statistiche sulle risposte
Territorio Capitale % Corretto
Gibilterra Gibilterra
88%
Isole Pitcairn Adamstown
50%
Turks e Caicos Cockburn Town
38%
Isole Cayman George Town
38%
Bermuda Hamilton
38%
Isole Falkland Stanley
38%
Anguilla The Valley
38%
Area delle Basi Sovrane di Akrotiri e Dhekelia Episkopi Cantonment
13%
Sant'Elena, Ascensione e Tristan da Cunha Jamestown
13%
Isole Vergini Britanniche Road Town
13%
Nessun quiz corrispondente trovato
Distribuzione punteggi
Percentuale di utenti per punteggio
Percentile per numero di risposta
I tuoi punteggi nel tempo
Non hai fatto questo quiz